000 00691nam a2200241Ia 4500
003 OSt
005 20221007065625.0
006 a|||||r|||| 00| 0
007 ta
008 221006b |||||||| |||| 00| 0 eng d
024 _a5,043
037 _cTextual
040 _aFLL
_cFLL
_beng
041 _2eng
_aeng
082 _aZ2,853, P0
100 _aChaturvedi A.N. Au.
245 0 _aPrinciples and forms of pleadings and conveyancing with advocacy and professional ethics
250 _a2nd
260 _aFaridabad
_bAllahabad Law Agency India
_c2000
300 _axxii,424p
_ccm.
942 _hZ2,853, P0
_cTEXL
_2CC
999 _c1137855
_d1137855